Bandeiras - Statistics

Estatísticas Gerais
  • Esse quiz foi jogado 84 vezes
  • A pontuação média é 14 de 15
Estatísticas das Respostas
Imagem Resposta % Correto
Reino Unido
99%
Brasil
97%
Austrália
96%
Canadá
96%
Japão
96%
Itália
94%
Jamaica
94%
México
94%
França
93%
Israel
93%
Grécia
92%
Rússia
92%
Irlanda
89%
Noruega
89%
USA
53%
Nenhum quiz correspondente encontrado
Distribuição das Pontuações
Porcentagem de Pessoas com Cada Pontuação
Percentil de Números Respondidos
Sua Pontuação Histórica
Você não jogou esse quiz